Paedagogik im Uebergang zur Buergerlichen Herrschaftsgesellschaft : studien zur Sozialgeschichte und Philosophie der Bildung

Αποθηκεύτηκε σε:
Λεπτομέρειες βιβλιογραφικής εγγραφής
Κύριος συγγραφέας: Koneffke, Gernot
Μορφή: Βιβλίο
Γλώσσα:German
Δημοσίευση: Wetzlar : Buchse der Pandora, 1994
Σειρά:Schriftenreihe des Instituts fur Padagogik und Gesellschaft, Munster ; ; 3
Θέματα:
Ετικέτες: Προσθήκη ετικέτας
Δεν υπάρχουν, Καταχωρήστε ετικέτα πρώτοι!

MARC

LEADER 00000nam a2200000 i 4500
001 1/9019
008 000731s1994 ger d
020 |a 3-88178-082-3 
035 |l 10062898 
040 |a GR-MY-UA  |b gre  |e aacr 
041 0 |a ger 
082 0 |a 370.109 
100 1 |a Koneffke, Gernot. 
245 1 0 |a Paedagogik im Uebergang zur Buergerlichen Herrschaftsgesellschaft :  |b studien zur Sozialgeschichte und Philosophie der Bildung /  |c Gernot Koneffke 
260 |a Wetzlar :   |b Buchse der Pandora,   |c 1994 
300 |a 173 p.;  |c 21 cm 
490 1 |a Schriftenreihe des Instituts fur Padagogik und Gesellschaft, Munster  |v ; 3 
650 0 0 |a Education  |x History. 
650 0 0 |a Education  |x Philosophy. 
830 0 |a Schriftenreihe des Instituts fur Padagogik und Gesellschaft, Munster ;  |v ; 3 
852 |a INST  |b RHODES  |e 20000731  |h 370.109 KON  |p 005400013849  |q 005400013849  |t BK  |y 0 
901 |a BIBL4-2000-2 
909 |a Ρ  |b 069301 
922 |a 4ΕΛΗ  |b 199910  |c ΚΠΣ/154  |d LEADER BOOKS 
970 |z 2000/08/ΧΡΥΣΑΝΘΗ